| 000 | 00469nmm a2200169Ia 4500 | ||
|---|---|---|---|
| 008 | 251105s9999||||xx |||||||||||||||||und|| | ||
| 020 | _a9788467508864 | ||
| 041 | _aspa | ||
| 100 | _aMenéndez-Ponte, María | ||
| 245 | 0 | _aEl poso amargo del café | |
| 264 |
_a[Madrid, España] : _bGrupo SM, _c2006 |
||
| 300 | _a207 páginas | ||
| 490 | _aGran angular | ||
| 650 | _aAges 9-12 Years Old | ||
| 856 | _uhttps://public.digitaliapublishing.com/a/86063 | ||
| 942 | _cCF | ||
| 999 |
_c83745 _d83745 |
||